525 způsobů jak se stát lepším manažerem
Na minha lista:
| Autor principal: | |
|---|---|
| Outros Autores: | , |
| Formato: | Livro |
| Idioma: | tcheco |
| Publicado em: |
Praha
MANAGEMENT PRESS
2001
|
| Edição: | 5. vyd. |
| Assuntos: | |
| Tags: |
Sem tags, seja o primeiro a adicionar uma tag!
|
MARC
| LEADER | 00000nam a2200000 4500 | ||
|---|---|---|---|
| 001 | c129671 | ||
| 005 | 20221124104239.3 | ||
| 020 | |a 80-7261-049-X | ||
| 041 | 0 | |a cze | |
| 044 | |a CZ | ||
| 245 | 1 | 0 | |a 525 způsobů jak se stát lepším manažerem |c Ron Coleman & Giles Barrie ; překlad: Ivan Bureš |
| 250 | |a 5. vyd. | ||
| 264 | 1 | |a Praha |b MANAGEMENT PRESS |c 2001 | |
| 300 | |a 160 s. | ||
| 610 | 2 | 0 | |a manažéri |
| 610 | 2 | 0 | |a manažment |
| 610 | 2 | 0 | |a riadenie |
| 610 | 2 | 0 | |a riadenie personálne |
| 610 | 2 | 0 | |a prostredie pracovné |
| 610 | 2 | 0 | |a výber pracovníkov |
| 610 | 2 | 0 | |a plánovanie |
| 610 | 2 | 0 | |a organizácia personálna |
| 610 | 2 | 0 | |a systémy informačné organizácií |
| 610 | 2 | 0 | |a systémy informačné podnikové |
| 610 | 2 | 0 | |a systémy informačné riadiace |
| 610 | 2 | 0 | |a kontrola |
| 610 | 2 | 0 | |a vzdelávanie ďalšie |
| 610 | 2 | 0 | |a výcvik |
| 610 | 2 | 0 | |a rozhodovanie manažérske |
| 610 | 2 | 0 | |a motivácia |
| 610 | 2 | 0 | |a motivácia pracovná |
| 610 | 2 | 0 | |a odmeňovanie |
| 610 | 2 | 0 | |a komunikácia manažérska |
| 610 | 2 | 0 | |a úspech pracovný |
| 100 | 1 | |a Coleman, Ron | |
| 700 | 1 | |a Barrie, Giles | |
| 700 | 1 | |a Bureš, Ivan | |